Apollo Business Center

Podrobná bibliografia
Hlavný autor: Jančina, Juraj, 1964- (Autor)
Médium: Článok
Jazyk:slovenčina
Fyzický popis:Fotogr., obr.
ISSN:1335-2180
Predmet:

MARC

LEADER 00000nab a2200000 a 4500
001 vtls008423939
003 SK-MaSNL
005 20260426083805.0
008 250505c2006 xo qr|p|||||||000 b|slo
015 |a SNBRB2006/01  |2 snkbucl 
035 |a (uuid)cc333c6f-4243-44a9-ab07-fe02dbc14fc9 
035 |a urn:nbn:sk:snk-abwhk 
035 |a (urnnbn)urn:nbn:sk:snk:ar-a00rgq 
038 |a SNKBUCL 
040 |a SNKBUCL  |b slo  |c SNKBUCL  |e AACR2 
041 0 |a slo  |b eng 
044 |a xo  |c SK 
080 |a 725.2  |x (437.6)  |2 1997 
100 1 |a Jančina, Juraj,  |d 1964-  |4 aut  |9 133064 
245 1 0 |a Apollo Business Center  |c Juraj Jančina 
300 |b Fotogr., obr. 
500 |a Architekti: Architektonická kancelária Juraja Jančinu 
546 |a Res. angl. 
610 2 7 |a Apollo Business Center (Bratislava, Slovensko)  |x architektúra  |2 snkbucl  |9 1283214 
651 7 |a Bratislava (Slovensko)  |2 snkbucl  |9 14568 
773 0 |t Projekt  |g Roč. XLVII, č. 5 (2005), s. 44-49  |x 1335-2180 
850 |a Slovenská národná knižnica 
852 |a Slovenská národná knižnica 
954 |a odborná, vedecká literatúra pôvodná (slovenská)  |2 lita 
958 |a article27 
958 |a SK 
958 |a OND 
958 |a EUIPO 
999 |c 2914916  |d 2916846